| 000 | 00000nam 2200000zi 4500 |
| 001 | 9.932571 |
| 003 | CaOODSP |
| 005 | 20250318162848 |
| 006 | m o d f |
| 007 | cr mn||||||||| |
| 008 | 240117t20242024onca o f000 0 fre d |
| 020 | |a9780660696591 |
| 040 | |aCaOODSP|bfre|erda|cCaOODSP |
| 041 | |afre|aeng |
| 043 | |an-cn-on |
| 086 | 1 |aFo123-5/2-2024-PDF |
| 100 | 1 |aLecours, Maurice, |eauteur. |
| 245 | 10|aBrûler intelligemment : |bcollaborer à la lutte contre les feux de forêt, en soutien à l'intégration science-politique-opérations / |cMaurice Lecours, Colin McFayden, Den Boychuk, Colleen George, Douglas G. Woolford. |
| 246 | 13|aBurning brighter : |bcollaborating for wildland fire supporting science-policy-operations integration. |
| 264 | 1|aSault Ste. Marie (Ontario) : |bRessources naturelles Canada = Natural Resources Canada, |c[2024] |
| 264 | 4|c©2024 |
| 300 | |a1 ressource en ligne (vii, 11 pages) : |billustrations |
| 336 | |atexte|btxt|2rdacontent/fre |
| 337 | |ainformatique|bc|2rdamedia/fre |
| 338 | |aressource en ligne|bcr|2rdacarrier/fre |
| 490 | 1 |aActes de rencontres sur les incendies de forêt, |x2817-9587 ; |vGLC-WF-2 |
| 546 | |aTexte en français et en anglais. |
| 650 | 6|aForêts|xIncendies|zCanada|xPrévention et maîtrise|xPlanification. |
| 650 | 6|aFeux de friches|zCanada|xPrévention et maîtrise|xPlanification. |
| 710 | 2 |aCentre de foresterie des Grands Lacs, |eorganisme de publication. |
| 710 | 1 |aCanada. |bRessources naturelles Canada, |eorganisme de publication. |
| 788 | |tBurning brighter : |eeng|w(CaOODSP)9.932570 |
| 830 | #0|aActes de rencontres sur les incendies de forêt ;|vGLC-WF-2.|w(CaOODSP)9.932191 |
| 856 | 40|qPDF|s1.04 Mo|uhttps://publications.gc.ca/collections/collection_2024/rncan-nrcan/Fo123-5-2-2024.pdf |